Aspekty optimalizácie prepojenia spoločnej obchodnej politiky EÚ a uplatňovania zahraničnoobchodnej politiky SR
V oblasti obchodnej politiky SR je potrebná koordinácia všetkých ekonomických rezortov. Z tohto dôvodu sa navrhuje zriadiť Inštitút medzinárodných ekonomických vzťahov. Ďalej je potrebné na úrovni vlády prijať rozhodnutie, či bude zahraničnú obchodnú politiku zabezpečovať Ministerstvo zahraničných v...
Na minha lista:
| Autor principal: | |
|---|---|
| Formato: | Capítulo de Livro |
| Idioma: | eslovaco |
| Assuntos: | |
| Tags: |
Sem tags, seja o primeiro a adicionar uma tag!
|
MARC
| LEADER | 00000naa$a2200000$$$4500 | ||
|---|---|---|---|
| 001 | 0040811 | ||
| 005 | 20221207085046.2 | ||
| 041 | 0 | |a slo | |
| 044 | |a SK | ||
| 245 | 1 | 0 | |a Aspekty optimalizácie prepojenia spoločnej obchodnej politiky EÚ a uplatňovania zahraničnoobchodnej politiky SR |c Igor Zbojan |
| 520 | |a V oblasti obchodnej politiky SR je potrebná koordinácia všetkých ekonomických rezortov. Z tohto dôvodu sa navrhuje zriadiť Inštitút medzinárodných ekonomických vzťahov. Ďalej je potrebné na úrovni vlády prijať rozhodnutie, či bude zahraničnú obchodnú politiku zabezpečovať Ministerstvo zahraničných vecí SR, alebo Ministerstvo hospodárstva, ako je to doteraz. Spoločnú obchodnú politiku tiež zabezpečuje Ministerstvo hospodárstva SR, ale je otvorenou otázkou, či je tento model najoptimálnejší. Hľadanie optimálneho modelu pri usmerňovaní teritoriálnej a tovarovej štruktúry zahraničnoobchodných vzťahov. | ||
| 610 | 2 | 0 | |a Slovensko |
| 610 | 2 | 0 | |a politika obchodná |
| 610 | 2 | 0 | |a politika zahraničnoobchodná |
| 610 | 2 | 0 | |a vzťahy hospodárske medzinárodné |
| 610 | 2 | 0 | |a inštitúcia |
| 610 | 2 | 0 | |a ministerstvá |
| 610 | 2 | 0 | |a vývoz |
| 100 | 1 | |a Zbojan, Igor | |